00321nam a2200145Ia 45000030006000000080041000060400015000471000028000622450012000902500007001022600029001093000006001385460014001440050017001580STCL150530s9999 xx 000 0 und d aSTCLcSTCL aMalayatoor Ramakrishnan aVerukal a24 bDC Books; Kottayamc2009 a0 aMalayalam20220125171611.0